Glossaire datinois. 2, Lettre ra' /

محفوظ في:

المؤلف الرئيسي: Landberg, Carlo de.

التنسيق: كتاب

اللغة: French
Arabic

منشور في: Leide : Brill, 1923.

الموضوعات:

الوسوم: إضافة وسم

لا توجد وسوم, كن أول من يضع وسما على هذه التسجيلة!

رقم الطلب: PJ6330.D3 L3 1923 v.2

LEADER 00622cam a2200205Mi 4500
001 ocn948260789
003 OCoLC
005 20240220185117.0
008 150611s1923 ne 000 0 fre d
041 0 |a fre  |a ara 
050 4 |a PJ6330.D3  |b L3 1923 v.2 
100 1 |a Landberg, Carlo de. 
245 1 0 |a Glossaire datinois.  |n 2,  |p Lettre ra' /  |c par le Comte de Landberg. 
264 1 |a Leide :  |b Brill,  |c 1923. 
300 |a P. I_VII, 1039-1814 ;  |c 24 cm 
336 |a text  |b txt  |2 rdacontent 
337 |a unmediated  |b n  |2 rdamedia 
338 |a volume  |b nc  |2 rdacarrier 
650 0 |a Arabe (Lengua)  |x Dialectos  |z Dathina (Yemen). 
999 |c 56917  |d 56917